[Event "zonal 1.2 (w)"]
[Site "Dresden GER"]
[Date "1998.??.??"]
[Round "4"]
[White "Mihevc, Narcisa"]
[Black "Deno, Mara"]
[Result "1-0"]
[WhiteElo "2205"]
[BlackElo "2180"]
[EventDate "1998.04.28"]
[PlyCount "93"]

1.e4 c5 2.Nf3 d6 3.d4 cxd4 4.Nxd4 Nf6 5.Nc3 g6 6.Be3 Bg7 7.f3 O-O 8.Qd2 
Nc6 9.O-O-O Nxd4 10.Bxd4 Be6 11.Kb1 a6 12.g4 b5 13.h4 Rb8 14.Nd5 a5 15.
Nxf6+ exf6 16.Be3 a4 17.Be2 b4 18.Qxd6 Qa5 19.Qc5 Qa8 20.Rd6 b3 21.cxb3 
axb3 22.a3 Bxg4 23.Ra6 Bxf3 24.Rxa8 Bxe4+ 25.Ka1 Rxa8 26.Rc1 f5 27.Bd1 Bc2
28.Bxc2 Rfc8 29.Bxb3 Rxc5 30.Bxc5 Bf6 31.Bb4 Bxh4 32.Rc7 Kg7 33.Rxf7+ Kh6 
34.Bf8+ Kg5 35.Be7+ Kg4 36.Bd1+ Kg3 37.Bxh4+ Kxh4 38.Rxh7+ Kg5 39.Ka2 Kf4 
40.Bc2 g5 41.b4 Rf8 42.b5 g4 43.Rg7 Kf3 44.Bd1+ Kf4 45.Kb3 g3 46.a4 Rd8 
47.Bc2 1-0

[Event "zonal 1.2 (w)"]
[Site "Dresden GER"]
[Date "1998.??.??"]
[Round "4"]
[White "Pahtz, Elisabeth"]
[Black "Werner, Isabel"]
[Result "1/2-1/2"]
[WhiteElo "2160"]
[BlackElo "2215"]
[EventDate "1998.04.28"]
[PlyCount "35"]

1.d4 c5 2.d5 e5 3.e4 d6 4.g3 Be7 5.h4 Nf6 6.Nc3 O-O 7.a4 b6 8.Nf3 a6 9.Nd2
Ne8 10.Nc4 Nd7 11.Bd3 Rb8 12.Ne3 Nc7 13.Qe2 Nf6 14.Ra3 b5 15.axb5 axb5 16.
Nxb5 Nxb5 17.Bxb5 Nxe4 18.Bd3 1/2-1/2

[Event "zonal 1.2 (w)"]
[Site "Dresden GER"]
[Date "1998.??.??"]
[Round "5"]
[White "Werner, Isabel"]
[Black "Puljek-Salai, Zorica"]
[Result "0-1"]
[WhiteElo "2215"]
[BlackElo "2195"]
[EventDate "1998.04.28"]
[PlyCount "50"]

1.e4 e5 2.Nf3 Nc6 3.Bc4 Bc5 4.d3 Nf6 5.O-O d6 6.c3 a6 7.Bb3 O-O 8.Nbd2 Ba7
9.Re1 Ng4 10.Re2 Kh8 11.h3 Nh6 12.Nf1 f5 13.N1h2 f4 14.d4 Qf6 15.dxe5 dxe5
16.Bd2 g5 17.Ba4 g4 18.hxg4 Nxg4 19.Bxc6 bxc6 20.c4 Nxh2 21.Nxh2 Rg8 22.
Kh1 f3 23.Nxf3 Bg4 24.Qb3 Raf8 25.Rc1 Qg6 0-1

[Event "zonal 1.2 (w)"]
[Site "Dresden GER"]
[Date "1998.??.??"]
[Round "5"]
[White "Grosar, Kiti"]
[Black "Pitam, Ella"]
[Result "0-1"]
[WhiteElo "2225"]
[BlackElo "2320"]
[EventDate "1998.04.28"]
[PlyCount "77"]

1.e4 e6 2.d4 d5 3.e5 c5 4.c3 Nc6 5.Nf3 Bd7 6.Be2 Rc8 7.O-O a6 8.Re1 Nge7 
9.a3 Ng6 10.b4 cxd4 11.cxd4 Be7 12.Qd3 O-O 13.Nc3 f6 14.exf6 Bxf6 15.Bd1 
Rf7 16.Bc2 Qc7 17.Bd2 Nce7 18.Rac1 Qb8 19.Bb1 Nf5 20.g3 Rc4 21.Be3 Nxe3 
22.fxe3 Rc8 23.e4 Bc6 24.e5 Be7 25.h4 Nf8 26.Rf1 Be8 27.Rc2 Rc7 28.Rfc1 
Bd8 29.Ne2 Bb5 30.Qe3 Rxc2 31.Rxc2 Rc7 32.Rxc7 Qxc7 33.Nc3 Be8 34.Nd2 a5 
35.b5 Be7 36.a4 Bb4 37.Ne2 Bh5 38.Nf1 Qc4 39.Nf4 0-1

[Event "zonal 1.2 (w)"]
[Site "Dresden GER"]
[Date "1998.??.??"]
[Round "5"]
[White "Klinova, Masha"]
[Black "Koskoska, Gabriela"]
[Result "1-0"]
[WhiteElo "2355"]
[BlackElo "2200"]
[EventDate "1998.04.28"]
[PlyCount "93"]

1.e4 c5 2.Nf3 e6 3.c4 Nc6 4.Nc3 Nf6 5.Be2 Qc7 6.O-O a6 7.d4 cxd4 8.Nxd4 
Bb4 9.Nxc6 dxc6 10.Qb3 Bd6 11.h3 e5 12.Be3 Be6 13.Qc2 Nd7 14.a3 O-O 15.b4 
b6 16.Na4 c5 17.b5 Rfd8 18.Nc3 Nf8 19.a4 a5 20.Rad1 Qb8 21.Rd2 f6 22.Nd5 
Ra7 23.Rfd1 Rad7 24.Bg4 Kf7 25.Bf3 Be7 26.Bh5+ g6 27.Bg4 h5 28.Be2 Nh7 29.
Rf1 Bd6 30.Bd3 Rg8 31.f4 Bxd5 32.fxe5 Bxe5 33.exd5 Re7 34.Kh1 Qd6 35.Rdf2 
f5 36.Bf4 Nf6 37.Bg5 Bd4 38.Rf3 Rge8 39.Bxf5 gxf5 40.Qxf5 Kg8 41.Bxf6 Bxf6
42.Qxf6 Qxf6 43.Rxf6 Re4 44.R1f4 Re1+ 45.Kh2 Kg7 46.Rxb6 R8e2 47.Rc6 1-0

[Event "zonal 1.2 (w)"]
[Site "Dresden GER"]
[Date "1998.??.??"]
[Round "5"]
[White "Koglin, Anke"]
[Black "Lematschko, Tatjana"]
[Result "1/2-1/2"]
[WhiteElo "2205"]
[BlackElo "2275"]
[EventDate "1998.04.28"]
[PlyCount "172"]

1.e4 e5 2.Nf3 Qe7 3.Bc4 d6 4.d3 Be6 5.Bb3 g6 6.c3 Bxb3 7.Qxb3 c6 8.O-O Bh6
9.Bxh6 Nxh6 10.Nbd2 O-O 11.d4 exd4 12.cxd4 a5 13.h3 Kh8 14.Rfe1 Ng8 15.
Rac1 h6 16.d5 Kh7 17.e5 a4 18.Qd3 Nd7 19.e6 Ndf6 20.exf7 Qxf7 21.dxc6 bxc6
22.Rxc6 Rae8 23.Rxe8 Nxe8 24.Qc4 Qb7 25.Qxa4 Qxb2 26.Qa7+ Qg7 27.Qxg7+ 
Kxg7 28.a4 Rf4 29.a5 Ra4 30.Nb3 Ne7 31.Rb6 Nd5 32.Rb8 Kf7 33.Nfd4 Rb4 34.
Ra8 Ndc7 35.Rd8 Rc4 36.Rb8 Ke7 37.Rb6 Kd7 38.Kf1 Nd5 39.Rb8 Rc8 40.Rxc8 
Kxc8 41.h4 Kb7 42.Ke2 Ka6 43.Kf3 Nef6 44.g4 Ne7 45.g5 hxg5 46.hxg5 Nfd5 
47.Kg3 Nb4 48.f4 Nd3 49.Kf3 Nb2 50.Ne6 Nc4 51.Nc7+ Kb7 52.Ne8 Ka6 53.Ke4 
Kb5 54.Nf6 Ka6 55.Kd4 Na3 56.Ke4 Nb5 57.Nd5 Nf5 58.Nb4+ Kb7 59.Nd2 Nc3+ 
60.Kd3 Na4 61.Nb3 Nb2+ 62.Ke4 Nd1 63.Kd5 Nc3+ 64.Ke6 Ne2 65.Nd5 Ka6 66.Kd7
Ka7 67.Kc6 Ka6 68.Kc7 Ka7 69.Kc8 Ng7 70.Kd7 Nf5 71.Nd2 Ned4 72.Nc4 Nb5 73.
Ne7 Nh4 74.Nxd6 Nd4 75.Nd5 Ka6 76.Nc4 Ng2 77.Kd6 Nh4 78.Ke5 Nc6+ 79.Kf6 
Nd4 80.Ne7 Kb5 81.Ne5 Ng2 82.f5 Nxf5 83.Nxf5 Nf4 84.Nf3 Nh3 85.Kxg6 Kxa5 
86.Kf6 Nxg5 1/2-1/2

[Event "zonal 1.2 (w)"]
[Site "Dresden GER"]
[Date "1998.??.??"]
[Round "5"]
[White "Medic, Mirjana"]
[Black "Heinatz, Gundula"]
[Result "1-0"]
[WhiteElo "2275"]
[BlackElo "2205"]
[EventDate "1998.04.28"]
[PlyCount "63"]

1.Nf3 d5 2.d4 Nf6 3.c4 e6 4.Nc3 Be7 5.Bg5 O-O 6.e3 h6 7.Bxf6 Bxf6 8.cxd5 
exd5 9.b4 Be6 10.Be2 Nd7 11.O-O c5 12.bxc5 Nxc5 13.dxc5 Bxc3 14.Rb1 Rb8 
15.Nd4 Qf6 16.Rb3 Ba5 17.Qb1 Bc7 18.Rxb7 Rxb7 19.Qxb7 Qe7 20.Qb4 Bb6 21.
Rc1 Rc8 22.Nb3 d4 23.Ba6 Rc6 24.exd4 Bd5 25.Bc4 Be4 26.Qe1 Rg6 27.f3 Qg5 
28.Qf2 Bc7 29.fxe4 Rf6 30.Qe2 Qh4 31.e5 Rf4 32.Rf1 1-0

[Event "zonal 1.2 (w)"]
[Site "Dresden GER"]
[Date "1998.??.??"]
[Round "5"]
[White "Rodic-Kures, Gordana"]
[Black "Borek, Jutta"]
[Result "0-1"]
[WhiteElo "2060"]
[BlackElo "2070"]
[EventDate "1998.04.28"]
[PlyCount "62"]

1.e4 c5 2.Nf3 Nc6 3.d4 cxd4 4.Nxd4 e5 5.Nb5 d6 6.N1c3 a6 7.Na3 b5 8.Nd5 
Nge7 9.Bg5 h6 10.Bh4 Qa5+ 11.c3 Nxd5 12.Qxd5 Bb7 13.Be2 Nd8 14.Qd3 Ne6 15.
Nxb5 g5 16.Nxd6+ Bxd6 17.Qxd6 Rd8 18.Qb4 Qxb4 19.cxb4 gxh4 20.b5 a5 21.f3 
Ke7 22.Rc1 Rhg8 23.Rg1 Rc8 24.Bc4 Nd4 25.Kf2 Rgd8 26.a4 Rd7 27.Rc3 Ne6 28.
Ke3 Rcd8 29.Rc2 Nd4 30.Rc3 f5 31.Bd5 f4+ 0-1

[Event "zonal 1.2 (w)"]
[Site "Dresden GER"]
[Date "1998.??.??"]
[Round "6"]
[White "Borek, Jutta"]
[Black "Janevska, Aleksandra"]
[Result "1-0"]
[WhiteElo "2070"]
[BlackElo "2015"]
[EventDate "1998.04.28"]
[PlyCount "171"]

1.c4 g6 2.g3 c5 3.Bg2 Bg7 4.Nc3 Nc6 5.e4 e6 6.Nge2 Nge7 7.d3 O-O 8.O-O Nd4
9.Rb1 Nec6 10.Nxd4 Nxd4 11.Be3 d6 12.Qd2 Rb8 13.Bh6 Bxh6 14.Qxh6 b5 15.
cxb5 Nxb5 16.Ne2 Qf6 17.Qe3 Ba6 18.Rfc1 Rb6 19.f4 Rfb8 20.e5 Qe7 21.b3 Na3
22.Ra1 Rc8 23.Nc3 d5 24.Na4 Rbc6 25.Qd2 R6c7 26.Nb2 Nb5 27.h3 Nd4 28.Kh2 
Bb7 29.Qf2 Nb5 30.Na4 d4 31.Bxb7 Rxb7 32.Rc2 Na3 33.Rd2 Nb5 34.Rc1 Rbc7 
35.Rdc2 Na3 36.Re2 Nb5 37.Rec2 Na3 38.Rb2 Nb5 39.Qd2 Qd7 40.Qg2 Qd5 41.
Rbc2 Qxg2+ 42.Kxg2 Kf8 43.Rxc5 Rxc5 44.Rxc5 Rxc5 45.Nxc5 Nc3 46.a4 Ke7 47.
Kf3 h5 48.Ne4 Na2 49.g4 hxg4+ 50.hxg4 Kf8 51.Nc5 Nc3 52.b4 Ke7 53.a5 Nd5 
54.b5 Nc3 55.b6 axb6 56.axb6 Kd8 57.Ne4 Nd5 58.b7 Kc7 59.Ng5 Kxb7 60.Nxf7 
Kc7 61.Ke4 Kd7 62.Ng5 Nc3+ 63.Kxd4 Ne2+ 64.Ke3 Nc3 65.Kf3 Ke7 66.Ne4 Nd5 
67.Ng3 Kd7 68.Ne2 Ke7 69.Ke4 Nb4 70.d4 Kf7 71.Nc3 Nc6 72.d5 exd5+ 73.Nxd5 
Ke6 74.f5+ gxf5+ 75.gxf5+ Kf7 76.Nb6 Ne7 77.Nd5 Nc6 78.Nc7 Ke7 79.Kd5 Nd8 
80.Nb5 Kf7 81.Nd6+ Ke7 82.Ne4 Kf7 83.e6+ Kf8 84.f6 Nxe6 85.Kxe6 Ke8 86.
Nd6+ 1-0

[Event "zonal 1.2 (w)"]
[Site "Dresden GER"]
[Date "1998.??.??"]
[Round "6"]
[White "Heinatz, Gundula"]
[Black "Werner, Isabel"]
[Result "1/2-1/2"]
[WhiteElo "2205"]
[BlackElo "2215"]
[EventDate "1998.04.28"]
[PlyCount "62"]

1.d4 d6 2.c4 e5 3.dxe5 dxe5 4.Qxd8+ Kxd8 5.Nc3 c6 6.g3 Be6 7.b3 Nd7 8.Bg2 
Kc7 9.f4 f6 10.Nf3 Ne7 11.e4 Nc8 12.fxe5 Nxe5 13.Bf4 Bd6 14.O-O-O Nxf3 15.
Bxf3 Be5 16.Na4 b6 17.Nb2 Ne7 18.Bxe5+ fxe5 19.Nd3 Rhf8 20.Nxe5 Rae8 21.
Bg4 Bxg4 22.Nxg4 Ng6 23.Rhf1 Rxe4 24.Rxf8 Nxf8 25.Nf2 Re2 26.Rd2 Re1+ 27.
Kc2 Ne6 28.Nd3 Re3 29.Nf2 Ng5 30.Nd1 Re1 31.Nc3 Ne4 1/2-1/2

[Event "zonal 1.2 (w)"]
[Site "Dresden GER"]
[Date "1998.??.??"]
[Round "6"]
[White "Deno, Mara"]
[Black "Rodic-Kures, Gordana"]
[Result "1-0"]
[WhiteElo "2180"]
[BlackElo "2060"]
[EventDate "1998.04.28"]
[PlyCount "94"]

1.e4 c5 2.Nf3 g6 3.d4 cxd4 4.Nxd4 Nc6 5.c4 Bg7 6.Be3 Nf6 7.Nc3 d6 8.Be2 
O-O 9.O-O Bd7 10.h3 Nxd4 11.Bxd4 Bc6 12.Qd3 a5 13.Rad1 Nd7 14.Bxg7 Kxg7 
15.Kh1 Nc5 16.Qd4+ e5 17.Qe3 Qe7 18.Rd2 a4 19.Rfd1 Rfd8 20.Kh2 h6 21.Bf3 
h5 22.Be2 Qf6 23.Bd3 Rd7 24.Bc2 Rdd8 25.b4 axb3 26.axb3 Ra3 27.Nb1 Ra2 28.
b4 Rxc2 29.Rxc2 Ba4 30.Rcd2 Bxd1 31.Rxd1 Ne6 32.Nc3 Nd4 33.Nd5 Qe6 34.b5 
Rc8 35.Nb6 Rc5 36.Qg5 f6 37.Qe3 g5 38.Qd3 Kg6 39.Ra1 Rc7 40.Ra8 Kg7 41.Nd5
Rc8 42.Ra7 Qf7 43.Ne3 Qc7 44.Qa3 Kg6 45.Nd5 Nc2 46.Qf3 Qg7 47.Qf5+ Kh6 1-0

[Event "zonal 1.2 (w)"]
[Site "Dresden GER"]
[Date "1998.??.??"]
[Round "6"]
[White "Koskoska, Gabriela"]
[Black "Werner, Veronika"]
[Result "1/2-1/2"]
[WhiteElo "2200"]
[BlackElo "2225"]
[EventDate "1998.04.28"]
[PlyCount "70"]

1.e4 d6 2.d4 Nf6 3.Nc3 g6 4.Nf3 Bg7 5.Be2 O-O 6.O-O c6 7.a4 Nbd7 8.h3 Qc7 
9.Be3 e5 10.dxe5 dxe5 11.Bc4 Re8 12.Ng5 Re7 13.Qd2 Nf8 14.f4 Be6 15.Nxe6 
Nxe6 16.f5 Rd7 17.Qf2 Nd4 18.Bg5 Nh5 19.Nd1 b5 20.axb5 Nxb5 21.Ne3 Rb8 22.
Qh4 Nd6 23.fxg6 hxg6 24.Bb3 Rb4 25.Ra4 Rxa4 26.Bxa4 f6 27.Bb3+ Nf7 28.Bxf6
Nxf6 29.Rxf6 Bxf6 30.Qxf6 Kh7 31.Ng4 c5 32.Qh4+ Kg7 33.Qf6+ Kh7 34.Qh4+ 
Kg7 35.Qf6+ Kh7 1/2-1/2

[Event "zonal 1.2 (w)"]
[Site "Dresden GER"]
[Date "1998.??.??"]
[Round "6"]
[White "Olbrich, Marina"]
[Black "Medic, Mirjana"]
[Result "1-0"]
[WhiteElo "2330"]
[BlackElo "2275"]
[EventDate "1998.04.28"]
[PlyCount "103"]

1.d4 d5 2.Nf3 Nf6 3.Bf4 c5 4.c3 Qb6 5.Qb3 Nc6 6.e3 c4 7.Qxb6 axb6 8.Na3 
Bf5 9.Be2 Ra5 10.Nh4 e6 11.Nxf5 exf5 12.Nc2 b5 13.a3 Kd7 14.Be5 Ne4 15.f3 
Nd6 16.Kf2 f6 17.Bxd6 Bxd6 18.g4 f4 19.e4 Re8 20.exd5 Ne7 21.a4 bxa4 22.
Bxc4 b5 23.b4 bxc4 24.bxa5 Nxd5 25.Rhe1 Rb8 26.Rxa4 Rb2 27.Rc1 Nxc3 28.
Rxc4 Na2 29.Ra1 Nb4 30.Rd1 Nxc2 31.Rd2 Ra2 32.Rdxc2 Rxa5 33.Rb2 Ke6 34.Rc6
Kd5 35.Rcb6 Ke6 36.h4 Ra4 37.d5+ Ke7 38.Rb7+ Kf8 39.Rc2 Ra8 40.Rc6 Rd8 41.
h5 Kg8 42.Ke2 Be5 43.Ra6 h6 44.Raa7 f5 45.Rd7 Rb8 46.gxf5 Rf8 47.Kd3 Rxf5 
48.Ke4 Rxh5 49.d6 Rg5 50.Rd8+ Kh7 51.d7 Bf6 52.Re8 1-0

[Event "zonal 1.2 (w)"]
[Site "Dresden GER"]
[Date "1998.??.??"]
[Round "6"]
[White "Pitam, Ella"]
[Black "Koglin, Anke"]
[Result "1/2-1/2"]
[WhiteElo "2320"]
[BlackElo "2205"]
[EventDate "1998.04.28"]
[PlyCount "61"]

1.c4 e6 2.Nc3 d5 3.d4 Be7 4.Nf3 Nf6 5.Bg5 h6 6.Bh4 O-O 7.e3 b6 8.cxd5 Nxd5
9.Bxe7 Qxe7 10.Rc1 Bb7 11.Nxd5 Bxd5 12.Be2 Rc8 13.Qa4 c5 14.Qa3 Nd7 15.O-O
Qf6 16.Rc3 cxd4 17.Rxc8+ Rxc8 18.Qxa7 Qd8 19.Qa3 dxe3 20.fxe3 Qf8 21.Qa4 
Qd6 22.Rd1 Nf6 23.a3 Qc5 24.Qd4 Kf8 25.Qxc5+ Rxc5 26.Bd3 Bb3 27.Re1 Bc2 
28.Bf1 Ba4 29.Bd3 Bc2 30.Bf1 Ba4 31.Bd3 1/2-1/2

[Event "zonal 1.2 (w)"]
[Site "Dresden GER"]
[Date "1998.??.??"]
[Round "6"]
[White "Puljek-Salai, Zorica"]
[Black "Grosar, Kiti"]
[Result "1/2-1/2"]
[WhiteElo "2195"]
[BlackElo "2225"]
[EventDate "1998.04.28"]
[PlyCount "71"]

1.e4 c5 2.Nf3 d6 3.d4 cxd4 4.Nxd4 Nf6 5.Nc3 Nc6 6.Be2 e5 7.Nb3 Be7 8.O-O 
O-O 9.f4 a5 10.a4 Nb4 11.Kh1 d5 12.Nxd5 Nfxd5 13.exd5 Bf5 14.c3 Bc2 15.Qe1
Bxb3 16.cxb4 Bxb4 17.Qg3 Qxd5 18.fxe5 Kh8 19.Bf4 Qe6 20.Bg4 Qg6 21.Bf3 
Qxg3 22.Bxg3 Rad8 23.Bxb7 Rd3 24.Bf4 h6 25.Bc6 Rc8 26.Bb5 Rd4 27.h3 Rc2 
28.Rad1 Bd2 29.Rxd2 Rdxd2 30.Bxd2 Rxd2 31.Kg1 Rxb2 32.Rf2 Rb1+ 33.Rf1 Rb2 
34.Rf2 Rb1+ 35.Rf1 Rb2 36.Rf2 1/2-1/2

[Event "zonal 1.2 (w)"]
[Site "Dresden GER"]
[Date "1998.??.??"]
[Round "7"]
[White "Grosar, Kiti"]
[Black "Mihevc, Narcisa"]
[Result "1-0"]
[WhiteElo "2225"]
[BlackElo "2205"]
[EventDate "1998.04.28"]
[PlyCount "53"]

1.e4 c5 2.Nf3 e6 3.c3 d5 4.e5 d4 5.Bd3 Nc6 6.O-O Nge7 7.Re1 Bd7 8.a4 Qb8 
9.Qe2 Nd5 10.g3 Be7 11.Be4 Na5 12.Qd1 Nc6 13.d3 dxc3 14.bxc3 Qc7 15.Bd2 a6
16.Na3 O-O 17.Rb1 Na7 18.c4 Nb4 19.Ng5 g6 20.Nxh7 Rfd8 21.Qg4 Be8 22.Ng5 
Rd4 23.Qh4 Bxg5 24.Bxg5 f5 25.exf6 Qf7 26.Bh6 Nac6 27.Bg7 1-0

[Event "zonal 1.2 (w)"]
[Site "Dresden GER"]
[Date "1998.??.??"]
[Round "7"]
[White "Janevska, Aleksandra"]
[Black "Werner, Isabel"]
[Result "1/2-1/2"]
[WhiteElo "2015"]
[BlackElo "2215"]
[EventDate "1998.04.28"]
[PlyCount "154"]

1.d4 d6 2.Nf3 Bg4 3.Nbd2 Nf6 4.c4 Nbd7 5.h3 Bh5 6.Qb3 Rb8 7.e3 c6 8.Be2 e5
9.Qc3 e4 10.Ng1 Bxe2 11.Nxe2 d5 12.Qc2 Bd6 13.O-O O-O 14.f3 exf3 15.Nxf3 
Re8 16.Nc3 b5 17.cxd5 cxd5 18.Qf5 Nf8 19.Ne5 Qc8 20.Qxc8 Rexc8 21.a4 bxa4 
22.Rxa4 Rb7 23.Nd3 N8d7 24.Ra5 Nb6 25.Nb5 Bb8 26.Nc5 Rxc5 27.dxc5 Nc4 28.
c6 Rb6 29.Rxa7 Bxa7 30.c7 Rc6 31.Nxa7 Rxc7 32.Nb5 Rb7 33.Nc3 Kf8 34.Rd1 
Rd7 35.b3 Na5 36.b4 Nc4 37.Rd4 Nb6 38.b5 Ra7 39.Bd2 Ke7 40.Kf2 Ke6 41.Ke2 
Ra3 42.Rb4 Ke5 43.Nb1 Ra2 44.Nc3 Ra8 45.Kf3 Ra1 46.e4 Ra3 47.Bf4+ Ke6 48.
Bd2 Nxe4 49.Rxe4+ dxe4+ 50.Kxe4 Ra8 51.Be3 f5+ 52.Kf4 Nc4 53.Bd4 g6 54.h4 
h5 55.b6 Rb8 56.Na4 Kd5 57.Bf2 Ne5 58.Nc3+ Ke6 59.Kg5 Nd3 60.Bg1 Ne5 61.
Na4 Kd5 62.Kf6 Rf8+ 63.Kg5 f4 64.Bc5 Rf5+ 65.Kh6 Rf7 66.Kg5 Kc4 67.Bf2 f3 
68.gxf3 Nxf3+ 69.Kh6 Kb5 70.Nc3+ Kc6 71.Nd1 Ne5 72.Bg3 Re7 73.Bxe5 Rxe5 
74.Kxg6 Kxb6 75.Nf2 Kc6 76.Nd3 Re4 77.Kxh5 Rxh4+ 1/2-1/2

[Event "zonal 1.2 (w)"]
[Site "Dresden GER"]
[Date "1998.??.??"]
[Round "7"]
[White "Werner, Veronika"]
[Black "Deno, Mara"]
[Result "0-1"]
[WhiteElo "2225"]
[BlackElo "2180"]
[EventDate "1998.04.28"]
[PlyCount "172"]

1.e4 c5 2.c3 d5 3.exd5 Qxd5 4.d4 Nf6 5.Nf3 g6 6.Be2 Bg7 7.O-O O-O 8.c4 Qd6
9.dxc5 Qxc5 10.Nc3 Nc6 11.Be3 Qa5 12.h3 Bf5 13.a3 Rac8 14.b4 Qc7 15.Rc1 
Qb8 16.Qb3 e5 17.Rfd1 h6 18.c5 e4 19.Nd4 Nxd4 20.Bxd4 Rcd8 21.Bc4 g5 22.
Bxf6 Rxd1+ 23.Rxd1 Bxf6 24.Nd5 Qe5 25.Nxf6+ Qxf6 26.Rd6 Qa1+ 27.Kh2 Kg7 
28.Qg3 Re8 29.h4 Bg6 30.Bd5 gxh4 31.Qxh4 e3 32.fxe3 Rxe3 33.Bf3 Qe5+ 34.
Qg3 Qxg3+ 35.Kxg3 Rxa3 36.Kf2 a5 37.b5 Rc3 38.Rd7 Rxc5 39.Rxb7 a4 40.b6 
Rb5 41.Ra7 Rxb6 42.Rxa4 h5 43.Kg3 Kh6 44.Kh4 Rb1 45.Kg3 Kg5 46.Rc4 Rb2 47.
Rd4 Bf5 48.Ra4 Bc2 49.Rd4 Rb1 50.Rc4 Bg6 51.Ra4 Rh1 52.Kf2 Rc1 53.Kg3 Bd3 
54.Rd4 Rc3 55.Kf2 f5 56.Ra4 h4 57.Ra2 Kf4 58.Be2 Bxe2 59.Rxe2 h3 60.gxh3 
Rxh3 61.Kg2 Kg4 62.Ra2 Rd3 63.Rb2 Kf4 64.Kf2 Rd4 65.Ra2 Rb4 66.Rc2 Kg4 67.
Kg2 Rb3 68.Ra2 f4 69.Ra8 Rb2+ 70.Kg1 Kg3 71.Rg8+ Kf3 72.Rf8 Rb1+ 73.Kh2 
Re1 74.Rf7 Re4 75.Kg1 Re1+ 76.Kh2 Re5 77.Rf8 Rg5 78.Ra8 Rg2+ 79.Kh1 Re2 
80.Rf8 Kg3 81.Rg8+ Kf2 82.Rf8 Re4 83.Kh2 f3 84.Kh3 Re7 85.Rf6 Rh7+ 86.Kg4 
Kg2 0-1

[Event "zonal 1.2 (w)"]
[Site "Dresden GER"]
[Date "1998.??.??"]
[Round "7"]
[White "Klinova, Masha"]
[Black "Olbrich, Marina"]
[Result "1-0"]
[WhiteElo "2355"]
[BlackElo "2330"]
[EventDate "1998.04.28"]
[PlyCount "121"]

1.e4 c6 2.d4 d5 3.Nc3 dxe4 4.Nxe4 Nd7 5.Nf3 Ngf6 6.Ng3 e6 7.Bd3 c5 8.c3 
Qc7 9.O-O Bd6 10.Be3 O-O 11.Ng5 h6 12.N5e4 Nxe4 13.Nxe4 Bxh2+ 14.Kh1 f5 
15.Nxc5 Nxc5 16.dxc5 Bf4 17.Qf3 Bxe3 18.Qxe3 f4 19.Qd4 f3 20.g3 Qf7 21.
Rfe1 Bd7 22.Re5 Bc6 23.Bc4 Kh8 24.Bxe6 Qg6 25.Qg4 Qxg4 26.Bxg4 Rad8 27.b4 
Rd2 28.Kg1 Rfd8 29.c4 a6 30.b5 axb5 31.cxb5 Bxb5 32.Bxf3 Ba6 33.a4 Kg8 34.
Rb1 Ra2 35.Bd5+ Rxd5 36.Rxd5 Rxa4 37.Re5 Rc4 38.Rb6 Rc1+ 39.Kg2 Bf1+ 40.
Kh2 Ba6 41.g4 Kh7 42.Kg3 Rc3+ 43.f3 Rc4 44.g5 hxg5 45.Rxg5 Rc3 46.Rbg6 Bd3
47.Rxg7+ Kh6 48.Kf4 Bc2 49.Kg4 Rc4+ 50.f4 b5 51.cxb6 Bf5+ 52.Rxf5 Kxg7 53.
Rb5 Rc8 54.b7 Rb8 55.Kf5 Kf7 56.Ke5 Ke7 57.f5 Kd7 58.f6 Re8+ 59.Kf5 Rb8 
60.Kg6 Rg8+ 61.Kf7 1-0

[Event "zonal 1.2 (w)"]
[Site "Dresden GER"]
[Date "1998.??.??"]
[Round "7"]
[White "Koglin, Anke"]
[Black "Puljek-Salai, Zorica"]
[Result "1-0"]
[WhiteElo "2205"]
[BlackElo "2195"]
[EventDate "1998.04.28"]
[PlyCount "35"]

1.e4 e5 2.Nf3 Nc6 3.Bb5 a6 4.Ba4 Nf6 5.O-O b5 6.Bb3 Bc5 7.d3 O-O 8.Bg5 h6 
9.Bh4 g5 10.Bg3 d6 11.c3 Bb6 12.Nbd2 Re8 13.a4 Rb8 14.axb5 axb5 15.Qc2 Nh5
16.d4 exd4 17.e5 Nxg3 18.Qg6+ 1-0

[Event "zonal 1.2 (w)"]
[Site "Dresden GER"]
[Date "1998.??.??"]
[Round "7"]
[White "Medic, Mirjana"]
[Black "Borek, Jutta"]
[Result "0-1"]
[WhiteElo "2275"]
[BlackElo "2070"]
[EventDate "1998.04.28"]
[PlyCount "94"]

1.Nf3 d5 2.d4 c6 3.c4 Nf6 4.Nc3 e6 5.Bg5 Be7 6.e3 Nbd7 7.Rc1 h6 8.Bh4 O-O 
9.Bd3 dxc4 10.Bxc4 b5 11.Bd3 Bb7 12.O-O a6 13.Bb1 Rc8 14.e4 c5 15.e5 Nd5 
16.Bxe7 Nxe7 17.Ne4 c4 18.Nd6 Rb8 19.Nh4 Bd5 20.Rc3 f5 21.Qh5 Nc8 22.Nxc8 
Rxc8 23.Rg3 Rf7 24.Qxh6 b4 25.Qh5 Nf8 26.Rh3 g6 27.Qd1 Rh7 28.Nf3 Rxh3 29.
gxh3 c3 30.bxc3 Rxc3 31.Bd3 a5 32.Be2 Kg7 33.Qd2 Nh7 34.Ne1 Ng5 35.f3 
Nxh3+ 36.Kg2 Qh4 37.Nd3 g5 38.Qe1 Qxe1 39.Rxe1 Rxd3 40.Kxh3 Rxd4 41.Rc1 
Rd2 42.Rc7+ Kf8 43.Bb5 Bxf3 44.Kg3 Bd5 45.Rc8+ Kg7 46.Rc7+ Kh6 47.Bf1 Rxa2
0-1

[Event "zonal 1.2 (w)"]
[Site "Dresden GER"]
[Date "1998.??.??"]
[Round "7"]
[White "Schmid, Shahanah"]
[Black "Rodic-Kures, Gordana"]
[Result "1-0"]
[WhiteElo "2130"]
[BlackElo "2060"]
[EventDate "1998.04.28"]
[PlyCount "59"]

1.d4 Nf6 2.c4 e6 3.Nc3 Bb4 4.e3 O-O 5.Bd3 d6 6.Nf3 Qe7 7.O-O Bxc3 8.bxc3 
e5 9.Nd2 Nbd7 10.Ba3 c5 11.Qc2 h6 12.Rae1 Re8 13.e4 b6 14.f4 Rd8 15.g3 Ba6
16.Nf3 Qe6 17.d5 Qe7 18.Bc1 Rdb8 19.Qg2 Nf8 20.f5 N8h7 21.g4 Ne8 22.h4 f6 
23.g5 hxg5 24.hxg5 fxg5 25.Kf2 Nef6 26.Bxg5 Nxg5 27.Nxg5 Rf8 28.Rh1 g6 29.
Ne6 Qf7 30.Reg1 1-0

[Event "zonal 1.2 (w)"]
[Site "Dresden GER"]
[Date "1998.05.04"]
[Round "7"]
[White "Pahtz, Elisabeth"]
[Black "Koskoska, Gabriela"]
[Result "1-0"]
[WhiteElo "2160"]
[BlackElo "2200"]
[EventDate "1998.04.28"]
[PlyCount "87"]

1.e4 c5 2.Nf3 a6 3.c3 d5 4.exd5 Qxd5 5.d4 Bf5 6.Be3 cxd4 7.cxd4 Nc6 8.Nc3 
Qa5 9.a3 e6 10.b4 Qc7 11.Rc1 Nf6 12.Qa4 Nd7 13.d5 exd5 14.b5 Nc5 15.Bxc5 
Bxc5 16.bxc6 O-O 17.cxb7 Rae8+ 18.Be2 d4 19.Nxd4 Qf4 20.Rd1 Rd8 21.Nf3 
Rxd1+ 22.Qxd1 Qc7 23.Qb3 Be6 24.Qb2 Rb8 25.Bxa6 Qa5 26.Be2 Bxa3 27.Qa1 
Rxb7 28.O-O Qb4 29.Rd1 h6 30.Qb1 Qxb1 31.Rxb1 Re7 32.Bd3 g6 33.h3 Bd6 34.
Nb5 Bc5 35.Rc1 Bb6 36.Bf1 Bd5 37.Nfd4 Rd7 38.Ne2 Re7 39.Nbc3 Be4 40.Nf4 
Bb7 41.Nfd5 Re6 42.Nxb6 Rxb6 43.Rb1 Rc6 44.Nd5 1-0

[Event "zonal 1.2 (w)"]
[Site "Dresden GER"]
[Date "1998.??.??"]
[Round "8"]
[White "Deno, Mara"]
[Black "Pitam, Ella"]
[Result "0-1"]
[WhiteElo "2180"]
[BlackElo "2320"]
[EventDate "1998.04.28"]
[PlyCount "117"]

1.e4 e6 2.d4 d5 3.Nd2 Nf6 4.e5 Nfd7 5.f4 c5 6.c3 Nc6 7.Ndf3 Qb6 8.g3 cxd4 
9.cxd4 Bb4+ 10.Kf2 f6 11.Kg2 O-O 12.Bd3 Kh8 13.Bc2 Be7 14.h4 Qc7 15.h5 b5 
16.Be3 Bb7 17.Rc1 Qb6 18.Qd3 f5 19.Bb1 Rac8 20.Nh3 b4 21.b3 a5 22.Nf2 Na7 
23.Nh4 Bxh4 24.Rxh4 Rxc1 25.Bxc1 Nb5 26.Bb2 Rc8 27.g4 Nc3 28.Bxc3 Rxc3 29.
Qd2 Qd8 30.Rh1 Nc5 31.Rh3 Ne4 32.Qe1 Qc7 33.Rxc3 Qxc3 34.Qxc3 Nxc3 35.Bd3 
g6 36.hxg6 hxg6 37.Nh3 Kg7 38.g5 Nxa2 39.Kf2 Nc1 40.Bc2 Ba6 41.Ke3 Kf7 42.
Ng1 Ke7 43.Bd1 Na2 44.Kd2 Nc3 45.Bc2 Bb5 46.Nf3 Be2 47.Ne1 Bg4 48.Nd3 Ne4+
49.Ke3 Kd7 50.Nb2 Kc6 51.Na4 Bh5 52.Nb2 Nc3 53.Na4 Bd1 54.Bxd1 Nxd1+ 55.
Kf3 Nc3 56.Nc5 Ne4 57.Nxe6 a4 58.Ng7 axb3 59.Nxf5 0-1

[Event "zonal 1.2 (w)"]
[Site "Dresden GER"]
[Date "1998.??.??"]
[Round "8"]
[White "Klinova, Masha"]
[Black "Grosar, Kiti"]
[Result "1/2-1/2"]
[WhiteElo "2355"]
[BlackElo "2225"]
[EventDate "1998.04.28"]
[PlyCount "104"]

1.e4 d5 2.exd5 Qxd5 3.Nc3 Qa5 4.d4 c6 5.Nf3 Bf5 6.Bd2 e6 7.Bc4 Nf6 8.Ne5 
Qb6 9.Qe2 Qxd4 10.O-O-O Bc5 11.f3 Qf2 12.g4 Qxe2 13.Nxe2 Bg6 14.h4 Bd6 15.
Bc3 Bxe5 16.Bxe5 h5 17.g5 Nbd7 18.Bc3 Nd5 19.Bxg7 Rg8 20.Bxd5 cxd5 21.Bd4 
Rc8 22.c3 e5 23.Bf2 d4 24.Kd2 Nb6 25.b3 Nd5 26.c4 Nb4 27.Bg3 b5 28.Bxe5 
bxc4 29.bxc4 d3 30.Nf4 Rxc4 31.Rc1 Rc2+ 32.Rxc2 dxc2 33.a3 Nc6 34.Nxg6 
fxg6 35.Bf6 Kd7 36.Kxc2 Ke6 37.Rb1 Rc8 38.Kd3 Ne5+ 39.Bxe5 Kxe5 40.Rb7 Kf4
41.Rxa7 Kxf3 42.Ra4 Re8 43.Kd2 Re2+ 44.Kc3 Re3+ 45.Kb4 Re4+ 46.Kb5 Re5+ 
47.Kc6 Re3 48.Kd5 Kg3 49.Kd4 Rf3 50.Ke5 Rf5+ 51.Ke6 Rf3 52.Ke7 Kh3 1/2-1/2

[Event "zonal 1.2 (w)"]
[Site "Dresden GER"]
[Date "1998.??.??"]
[Round "8"]
[White "Koskoska, Gabriela"]
[Black "Medic, Mirjana"]
[Result "0-1"]
[WhiteElo "2200"]
[BlackElo "2275"]
[EventDate "1998.04.28"]
[PlyCount "131"]

1.e4 e6 2.Qe2 d5 3.exd5 Qxd5 4.Nc3 Qd8 5.Nf3 Nc6 6.g3 Nf6 7.Bg2 a6 8.O-O 
Bc5 9.Ne4 Nxe4 10.Qxe4 O-O 11.c3 Bd6 12.d4 f5 13.Qe2 f4 14.Ne5 fxg3 15.
hxg3 Bxe5 16.dxe5 Qe8 17.Bf4 b6 18.Be4 Bb7 19.Rae1 Kh8 20.Kg2 Na5 21.Rh1 
Qg6 22.Bxb7 Nxb7 23.Rh4 Nc5 24.Reh1 Kg8 25.Rg4 Qd3 26.Qf3 Qxf3+ 27.Kxf3 
Nd3 28.Ke3 Rad8 29.b3 Rd7 30.Rgh4 h6 31.Rg4 Kh7 32.Ke2 Rf5 33.Rd1 Nc5 34.
Rh1 Ne4 35.Rgh4 Nxc3+ 36.Kf3 Nd5 37.Ke4 Nxf4 38.Rxf4 Rxf4+ 39.gxf4 c5 40.
Ke3 Kg6 41.f3 Rd5 42.Rg1+ Kf7 43.Rh1 b5 44.Rh2 Kg6 45.Rg2+ Kh7 46.Ke4 g6 
47.Rc2 h5 48.Rg2 Kh6 49.Ke3 c4 50.bxc4 bxc4 51.Rc2 Rc5 52.Kd4 Rc6 53.Kc3 
g5 54.fxg5+ Kxg5 55.Rg2+ Kf4 56.Rh2 Kxf3 57.Rh4 Rc5 58.Rxh5 Ke4 59.Rg5 Kd5
60.Rh5 Ra5 61.Rh2 Ra3+ 62.Kb4 Rf3 63.Rc2 c3 64.Kb3 Ke4 65.Rh2 Re3 66.Kc2 
0-1